İşsizlik sigortası uluslararası semineri (Record no. 336)

MARC details
000 -BAŞLIK
Sabit Uzunlukta Kontrol Alanı 00676na a2200229 4500
001 - KONTROL NUMARASI
Denetim Alanı 17674
003 - KONTROL NUMARASI IDENTIFIER
Denetim Alanı MIRAKIL
005 - SON İŞLEM TARİHİ VE ZAMANI
Denetim Alanı 20181213154745.0
008 - SABİT-BOY VERİ ELEMANLARI - GENEL BİLGİLER
Sabit Uzunlukta Kontrol Alanı 161101b tu 000 0
040 ## - KATALOGLAMA KAYNAK
Orijinal Kataloglama Ajansı Milas
Kataloglama Dili tur
Metne Dönüştürmek Ajansı TR-AnCHP
041 ## - DİL KODU
Metin / Ses Parça Veya Ayrı Başlığın Dil Kodu tur
082 ## - DEWEY ONLU SINIFLANDIRMA NUMARASI
Sınıflandırma Numarası 338.44
Ürün Numarası İ77 2000
090 ## - SINIFLAMA NUMARASI
Sınıflama Numarası 338.44 İ77 2000
111 ## - ANA GİRİŞ - TOPLANTI ADI
Giriş Elemanı Olarak Toplantı Adı Veya Yargı Alanı Adı İşsizlik Sigortası Uluslararası Semineri
Toplantının Yeri Ankara
Toplantı Veya Antlaşma İmzalandığı Tarihi 2000
245 ## - BAŞLIK TABLOSU
Başlık İşsizlik sigortası uluslararası semineri
Sorumluluk Tablosu, Vb TİSK
260 ## - YAYIN, DAĞITIM, VB
Yayın, Dağıtım, Vb Yeri Ankara
Yayıncı, Dağıtıcı, Vs Adı TİSK
Yayın, Dağıtım, Vb Tarihi 2000
300 ## - FİZİKSEL TANIM
Kapsam 116 s.
Diğer Fiziksel Ayrıntıları res.
Boyutlar 24 sm.
490 ## - SERİSİ TABLOSU
Seri Beyanı Türkiye İşveren Sendikaları Konfederasyonu
Hacim / Ardışık Tanımı 198
650 ## - KONU KATMA GİRİŞ - TOPİKAL DÖNEM
Topikal Süreli Veya Coğrafi Ad Giriş Elemanı Sigorta
Genel Alt Bölümü İşsizlik
Kronolojik Alt Bölümü Toplantılar
710 ## - KATMA GİRİŞ - KURUMSAL ADI
Giriş Elemanı Olarak Kurumsal Ad Veya Yargı Alanı Adı TİSK
942 ## - EKLENDİ GİRİŞ ELEMANLARI (KOHA)
Sınıflandırma Veya Raf Düzeni Kaynak Dewey Decimal Classification
Koha Öğesi Türü Books
999 ## - SİSTEM KONTROL NUMARALARI (KOHA)
Koha Biblionumber 336
Koha Biblioitemnumber 336
Holdings
Kalıcı Konum Mevcut Konum Edinme Tarihi Edinim Kaynak Toplam Check-Out'Lar Tam Çağrı Numarası Barkod Tarih Son Görülme İtibaren Geçerli Fiyatlar Koha Öğesi Türü
CHP Kütüphanesi CHP Kütüphanesi 11/01/2016 Bağış   338.44 İ77 2000 005978 11/01/2016 11/01/2016 Books